The James Bond Novels (6 of 12): Dr. No - Statistics

General Stats
  • This quiz has been taken 14 times
  • The average score is 9 of 15
Answer Stats
Question Answer % Correct
What is the surname of Honey Chile, the shell diver Bond meets? Rider
100%
What is the name of the island that Dr. No lives on? Crab Key
92%
After he stole from them, what did they do, as a warning to others? They cut off his {hands}
92%
At the novel’s start, Bond is still recovering from poisoning by whom? Rosa Klebb
83%
Dr. No is sabotaging test missile launches at which US site? Cape Canaveral
75%
Which man’s disappearance is Bond sent to investigate? John Strangways
75%
As part of a sadistic obstacle course Bond fights which creature? A captive giant {squid}
67%
What kind of creature appears in Bond’s hotel bed? A centipede
67%
How does Dr. No ultimately die? Buried alive by {guano}
67%
Honey is staked out to be eaten by what creatures? Crabs
58%
Which criminal organisation had Dr No previously worked for? The Chinese Tong
33%
Two members of which conservation group died on the island? National Audubon Society
25%
The island has a colony of which birds at one end? Roseate Spoonbills
25%
What is the name of the MI6 Station based in Kingston? Station J
25%
What is the name of the guano-collecting ship? Blanche
0%
No matching quizzes found
Score Distribution
Percent of People with Each Score
Percentile by Number Answered
Your Score History
You have not taken this quiz